| 000 | 00358pab a2200145 454500 | ||
|---|---|---|---|
| 008 | 180718b2000 xxu||||| |||| 00| 0 eng d | ||
| 100 | _aSrivastava, V.K. | ||
| 245 | _aWatershed management: remote sensing and GIS approach | ||
| 260 | _c2000 | ||
| 300 | _ap.413-15 | ||
| 362 | _aOct-Dec | ||
| 650 | _aWatersheds | ||
| 773 | _aProductivity | ||
| 909 | _a48281 | ||
| 999 |
_c48281 _d48281 |
||